000 00279nam a22001095i 4500
020 _a9781547188956
040 _cDLC
082 _a658 PAN 1982 A051 Or.
245 0 0 _a10 investment biases that fried my nest eggs :
_bbut i still made $900,000 /
300 _apages cm
942 _cEK
999 _c14654
_d14654